000
00359nam a2200157Ia 4500
008
151213s9999 xx 000 0 und d
020
_a
81-219-2555-x
100
_a
Theraza
245
_a
Basic Electronics
_c
Theraza
260
_a
New Delhi
_b
S.Chand
_c
2010
300
_a
8726 p.
650
_a
E E E
650
_a
science
700
_a
Theraza
999
_c
4512
_d
4512